Staff working paper. (Record no. 1695)

MARC details
000 -LEADER
fixed length control field 01722cas a2200445 a 4500
001 - CONTROL NUMBER
control field data
005 - DATE AND TIME OF LATEST TRANSACTION
control field 20260322212113.0
006 - FIXED-LENGTH DATA ELEMENTS--ADDITIONAL MATERIAL CHARACTERISTICS
fixed length control field data
007 - PHYSICAL DESCRIPTION FIXED FIELD--GENERAL INFORMATION
fixed length control field data
008 - FIXED-LENGTH DATA ELEMENTS--GENERAL INFORMATION
fixed length control field data
035 ## - SYSTEM CONTROL NUMBER
System control number 14081998
010 ## - LIBRARY OF CONGRESS CONTROL NUMBER
LC control number 2005201950
035 ## - SYSTEM CONTROL NUMBER
System control number (OCoLC)61308934
040 ## - CATALOGING SOURCE
Original cataloging agency DLC
Language of cataloging eng
Transcribing agency DLC
Modifying agency OCLCQ
-- OCLCQ
-- CUS
-- OCLCQ
-- OCLCF
-- OCLCO
-- OCLCQ
042 ## - AUTHENTICATION CODE
Authentication code pcc
050 00 - LIBRARY OF CONGRESS CALL NUMBER
Classification number HB1
130 0# - MAIN ENTRY--UNIFORM TITLE
Uniform title Staff working paper (World Trade Organization. Economic Research and Statistics Division : Online)
245 10 - TITLE STATEMENT
Title Staff working paper.
246 1# - VARYING FORM OF TITLE
Display text Title from series web page:
Title proper/short title WTO staff working papers
246 1# - VARYING FORM OF TITLE
Display text Title from series web page:
Title proper/short title Working papers
260 ## - PUBLICATION, DISTRIBUTION, ETC.
Place of publication, distribution, etc. Genéve, Switzerland :
Name of publisher, distributor, etc. Economic Research and Statistics Division, World Trade Organization
310 ## - CURRENT PUBLICATION FREQUENCY
Current publication frequency Irregular
336 ## - CONTENT TYPE
Content type term text
Content type code txt
Source rdacontent
337 ## - MEDIA TYPE
Media type term computer
Media type code c
Source rdamedia
338 ## - CARRIER TYPE
Carrier type term online resource
Carrier type code cr
Source rdacarrier
362 1# - DATES OF PUBLICATION AND/OR SEQUENTIAL DESIGNATION
Dates of publication and/or sequential designation Began in 2003?
538 ## - SYSTEM DETAILS NOTE
System details note Mode of access: World Wide Web.
588 ## - SOURCE OF DESCRIPTION NOTE
Source of description note Description based on: ERSD-2003-01 (Aug. 2003); title from p. 1 of pdf file.
588 ## - SOURCE OF DESCRIPTION NOTE
Source of description note Latest issue consulted: ERSD-2005-03 (July 2005).
650 #0 - SUBJECT ADDED ENTRY--TOPICAL TERM
Topical term or geographic name entry element Economics.
650 #0 - SUBJECT ADDED ENTRY--TOPICAL TERM
Topical term or geographic name entry element Economics
General subdivision Research.
650 #7 - SUBJECT ADDED ENTRY--TOPICAL TERM
Topical term or geographic name entry element Economics.
Source of heading or term fast
Authority record control number or standard number (OCoLC)fst00902116
650 #7 - SUBJECT ADDED ENTRY--TOPICAL TERM
Topical term or geographic name entry element Economics
General subdivision Research.
Source of heading or term fast
Authority record control number or standard number (OCoLC)fst00902203
710 2# - ADDED ENTRY--CORPORATE NAME
Corporate name or jurisdiction name as entry element World Trade Organization.
Subordinate unit Economic Research and Statistics Division.
859 40 - LOCAL CONTROL INFORMATION (RLIN)
-- View abstracts and full-text copies at the publisher's web site
-- http://www.wto.org/english/res_e/reser_e/wpaps_e.htm
906 ## - LOCAL DATA ELEMENT F, LDF (RLIN)
a 7
b cbc
c serials
d 2
e ncip
f 20
g n-oclcserc
925 0# -
-- Acquire
-- 1 shelf copy
-- policy default 2005-08-18
Holdings
Withdrawn status Lost status Damaged status Not for loan Home library Current library Shelving location Date acquired Total checkouts Full call number Barcode Date last seen Price effective from Koha item type
        Springfield Springfield General stacks 22/03/2026   HB1 LOC-SPL-00038 22/03/2026 22/03/2026 Books